Rent deposit agreements and insolvency (Record no. 81847)

MARC details
000 -LEADER
fixed length control field 01618cab a22002895a 4500
001 - CONTROL NUMBER
control field L148457
008 - FIXED-LENGTH DATA ELEMENTS--GENERAL INFORMATION
fixed length control field 090921s2009 xxkd f 000 0 eng d
035 ## - SYSTEM CONTROL NUMBER
System control number (Sirsi) u148457
041 0# - LANGUAGE CODE
Language code of text/sound track or separate title eng
100 1# - MAIN ENTRY--PERSONAL NAME
Personal name McGreevy, Gill
245 00 - TITLE STATEMENT
Title Rent deposit agreements and insolvency
260 ## - PUBLICATION, DISTRIBUTION, ETC.
Date of publication, distribution, etc. 2009
490 #0 - SERIES STATEMENT
Series statement Lovells Real Estate Quarterly
Volume/sequential designation Summer 2009, 3-7(5)
520 ## - SUMMARY, ETC.
Summary, etc. Rent deposits are often taken to protect against non-payment of rent but how accessible are these deposits when either the landlord?s or the tenant?s solvency becomes problematical? Considers the most common forms of rent deposit agreements (RDAs) ? commingling, charge and trust - and the extent to which each type achieves both the landlord?s and tenant?s objectives and complies with the ?Code for Leasing Business Premises in England and Wales 2007". Looks at what happens when premises are sold by an insolvency practitioner. Tables cover the characteristics of the three RDA forms.
590 ## - LOCAL NOTE (RLIN)
Local note KA
650 24 - SUBJECT ADDED ENTRY--TOPICAL TERM
Topical term or geographic name entry element CODE FOR LEASING BUSINESS PREMISES IN ENGLAND AND WALES 2007
650 24 - SUBJECT ADDED ENTRY--TOPICAL TERM
Topical term or geographic name entry element COMPANIES ACT 1985 S395
650 24 - SUBJECT ADDED ENTRY--TOPICAL TERM
Topical term or geographic name entry element COMPANIES ACT 2006 PART 25
650 24 - SUBJECT ADDED ENTRY--TOPICAL TERM
Topical term or geographic name entry element FINANCIAL COLLATERAL ARRANGEMENTS (NO 2) REGULATIONS 2003
650 24 - SUBJECT ADDED ENTRY--TOPICAL TERM
Topical term or geographic name entry element RE GREENPORT LTD AND OBARAY V GATEWAY (LONDON) LTD
650 24 - SUBJECT ADDED ENTRY--TOPICAL TERM
Topical term or geographic name entry element INSOLVENCY RULES 1996
650 24 - SUBJECT ADDED ENTRY--TOPICAL TERM
Topical term or geographic name entry element LANDLORD AND TENANT (COVENANTS) ACT 1995
651 #4 - SUBJECT ADDED ENTRY--GEOGRAPHIC NAME
Geographic name England and Wales
Chronological subdivision 1543-
690 ## - LOCAL SUBJECT ADDED ENTRY--TOPICAL TERM (OCLC, RLIN)
Topical term or geographic name as entry element PROPERTY-COMMERCIAL PROPERTY-LEASEHOLD COMMERCIAL PROPERTY-COMMERCIAL LANDLORD AND TENANT-COMMERCIAL LEASES-BREACHING COMMERCIAL LEASES
700 1# - ADDED ENTRY--PERSONAL NAME
Personal name Hawthorn, Douglas
942 ## - ADDED ENTRY ELEMENTS (KOHA)
Suppress in OPAC 0
Holdings
Withdrawn status Lost status Source of classification or shelving scheme Damaged status Not for loan Home library Current library Shelving location Date acquired Total Checkouts Full call number Barcode Date last seen Copy number Price effective from Koha item type
    Dewey Decimal Classification     London London Journal article 21/09/2009   L148457 148457-1001 06/08/2019 1 06/08/2019 Journal article